Multidirectional walking in hematopoietic stem cell transplant patients
Background - The effect of a peritransplant multidirectional walking intervention to target losses in physical function and quality of life (QOL) has not been investigated. - Purpose - This study examined the effects of a novel multidirectional walking program on physical function and QOL in adult...
Saved in:
| Main Authors: | , , , , , , , , |
|---|---|
| Format: | Article (Journal) |
| Language: | English |
| Published: |
February 2021
|
| In: |
Medicine and science in sports and exercise
Year: 2021, Volume: 53, Issue: 2, Pages: 258-266 |
| ISSN: | 1530-0315 |
| DOI: | 10.1249/MSS.0000000000002474 |
| Online Access: | Verlag, lizenzpflichtig, Volltext: https://doi.org/10.1249/MSS.0000000000002474 Verlag, lizenzpflichtig, Volltext: https://journals.lww.com/acsm-msse/Fulltext/2021/02000/Multidirectional_Walking_in_Hematopoietic_Stem.2.aspx |
| Author Notes: | Melanie Potiaumpai, Stacy Cutrono, Tamia Medina, Maximillian Koeppel, Denise L. Pereira, William F. Pirl, Kevin A. Jacobs, Moataz Eltoukhy, and Joseph F. Signorile |
MARC
| LEADER | 00000caa a2200000 c 4500 | ||
|---|---|---|---|
| 001 | 1753359309 | ||
| 003 | DE-627 | ||
| 005 | 20251020091522.0 | ||
| 007 | cr uuu---uuuuu | ||
| 008 | 210408s2021 xx |||||o 00| ||eng c | ||
| 024 | 7 | |a 10.1249/MSS.0000000000002474 |2 doi | |
| 035 | |a (DE-627)1753359309 | ||
| 035 | |a (DE-599)KXP1753359309 | ||
| 035 | |a (OCoLC)1341403819 | ||
| 040 | |a DE-627 |b ger |c DE-627 |e rda | ||
| 041 | |a eng | ||
| 084 | |a 33 |2 sdnb | ||
| 100 | 1 | |a Potiaumpai, Melanie |e VerfasserIn |0 (DE-588)1231017139 |0 (DE-627)1753359759 |4 aut | |
| 245 | 1 | 0 | |a Multidirectional walking in hematopoietic stem cell transplant patients |c Melanie Potiaumpai, Stacy Cutrono, Tamia Medina, Maximillian Koeppel, Denise L. Pereira, William F. Pirl, Kevin A. Jacobs, Moataz Eltoukhy, and Joseph F. Signorile |
| 264 | 1 | |c February 2021 | |
| 300 | |a 9 | ||
| 336 | |a Text |b txt |2 rdacontent | ||
| 337 | |a Computermedien |b c |2 rdamedia | ||
| 338 | |a Online-Ressource |b cr |2 rdacarrier | ||
| 500 | |a Gesehen am 08.04.2021 | ||
| 520 | |a Background - The effect of a peritransplant multidirectional walking intervention to target losses in physical function and quality of life (QOL) has not been investigated. - Purpose - This study examined the effects of a novel multidirectional walking program on physical function and QOL in adults receiving a hematopoietic stem cell transplant (HSCT). - Methods - Thirty-five adults receiving an autologous or allogeneic HSCT were randomized to a multidirectional walking (WALK) or usual care (CONT) group. The WALK group received supervised training during hospitalization; the CONT group received usual care. Patients were assessed at admission (t0), 3 to 5 d post-HSCT (t1), and 30 d post-HSCT (t2). Physical function measures included the 6-min walk test (6MWT), the Physical Performance Test, and the Timed Up and Go test. Health-related QOL was collected using the Functional Assessment of Cancer Therapy-Bone Marrow Transplant (FACT-BMT) questionnaire. - Results - There were no significant between-group changes for physical function or QOL. However, after the intervention (t1 to t2), the WALK group showed significant improvement in aerobic capacity (6MWT, P = 0.01), physical (P < 0.01) and functional well-being (P = 0.04), and overall QOL scores (P < 0.01). The CONT group saw no significant changes in physical function or QOL. Effect sizes showed the WALK group had a larger positive effect on physical function and QOL. Minimal clinically important differences in the 6MWT and FACT-BMT were exceeded in the WALK group. - Conclusion - A multidirectional walking program during the transplant period may be effective at increasing aerobic capacity and QOL for patients receiving HSCT compared with no structured exercise. | ||
| 700 | 1 | |a Cutrono, Stacy |e VerfasserIn |4 aut | |
| 700 | 1 | |a Medina, Tamia |e VerfasserIn |4 aut | |
| 700 | 1 | |a Köppel, Maximilian |e VerfasserIn |0 (DE-588)1070236810 |0 (DE-627)823401308 |0 (DE-576)429882882 |4 aut | |
| 700 | 1 | |a Pereira, Denise L. |e VerfasserIn |4 aut | |
| 700 | 1 | |a Pirl, William F. |e VerfasserIn |4 aut | |
| 700 | 1 | |a Jacobs, Kevin A. |e VerfasserIn |4 aut | |
| 700 | 1 | |a Eltoukhy, Moataz |e VerfasserIn |4 aut | |
| 700 | 1 | |a Signorile, Joseph F. |e VerfasserIn |4 aut | |
| 773 | 0 | 8 | |i Enthalten in |t Medicine and science in sports and exercise |d Philadelphia, Pa. : Lippincott Williams & Wilkins, 1980 |g 53(2021), 2, Seite 258-266 |h Online-Ressource |w (DE-627)324825846 |w (DE-600)2031167-9 |w (DE-576)094449503 |x 1530-0315 |7 nnas |a Multidirectional walking in hematopoietic stem cell transplant patients |
| 773 | 1 | 8 | |g volume:53 |g year:2021 |g number:2 |g pages:258-266 |g extent:9 |a Multidirectional walking in hematopoietic stem cell transplant patients |
| 856 | 4 | 0 | |u https://doi.org/10.1249/MSS.0000000000002474 |x Verlag |x Resolving-System |z lizenzpflichtig |3 Volltext |
| 856 | 4 | 0 | |u https://journals.lww.com/acsm-msse/Fulltext/2021/02000/Multidirectional_Walking_in_Hematopoietic_Stem.2.aspx |x Verlag |z lizenzpflichtig |3 Volltext |
| 951 | |a AR | ||
| 992 | |a 20210408 | ||
| 993 | |a Article | ||
| 994 | |a 2021 | ||
| 998 | |g 1070236810 |a Köppel, Maximilian |m 1070236810:Köppel, Maximilian |d 910000 |d 910100 |e 910000PK1070236810 |e 910100PK1070236810 |k 0/910000/ |k 1/910000/910100/ |p 4 | ||
| 999 | |a KXP-PPN1753359309 |e 3903431087 | ||
| BIB | |a Y | ||
| SER | |a journal | ||
| JSO | |a {"id":{"doi":["10.1249/MSS.0000000000002474"],"eki":["1753359309"]},"language":["eng"],"recId":"1753359309","person":[{"given":"Melanie","roleDisplay":"VerfasserIn","display":"Potiaumpai, Melanie","family":"Potiaumpai","role":"aut"},{"role":"aut","family":"Cutrono","display":"Cutrono, Stacy","roleDisplay":"VerfasserIn","given":"Stacy"},{"display":"Medina, Tamia","given":"Tamia","roleDisplay":"VerfasserIn","role":"aut","family":"Medina"},{"role":"aut","family":"Köppel","display":"Köppel, Maximilian","roleDisplay":"VerfasserIn","given":"Maximilian"},{"family":"Pereira","role":"aut","roleDisplay":"VerfasserIn","given":"Denise L.","display":"Pereira, Denise L."},{"roleDisplay":"VerfasserIn","given":"William F.","display":"Pirl, William F.","family":"Pirl","role":"aut"},{"role":"aut","family":"Jacobs","display":"Jacobs, Kevin A.","given":"Kevin A.","roleDisplay":"VerfasserIn"},{"display":"Eltoukhy, Moataz","given":"Moataz","roleDisplay":"VerfasserIn","role":"aut","family":"Eltoukhy"},{"role":"aut","family":"Signorile","display":"Signorile, Joseph F.","given":"Joseph F.","roleDisplay":"VerfasserIn"}],"name":{"displayForm":["Melanie Potiaumpai, Stacy Cutrono, Tamia Medina, Maximillian Koeppel, Denise L. Pereira, William F. Pirl, Kevin A. Jacobs, Moataz Eltoukhy, and Joseph F. Signorile"]},"title":[{"title_sort":"Multidirectional walking in hematopoietic stem cell transplant patients","title":"Multidirectional walking in hematopoietic stem cell transplant patients"}],"physDesc":[{"extent":"9 S."}],"relHost":[{"part":{"volume":"53","year":"2021","extent":"9","text":"53(2021), 2, Seite 258-266","issue":"2","pages":"258-266"},"title":[{"title_sort":"Medicine and science in sports and exercise","title":"Medicine and science in sports and exercise","subtitle":"MSSE : official journal of the American College of Sports Medicine"}],"physDesc":[{"extent":"Online-Ressource"}],"pubHistory":["Volume 12, issue 1 (1980)-"],"note":["Gesehen am 20.08.25"],"type":{"media":"Online-Ressource","bibl":"periodical"},"origin":[{"publisherPlace":"Philadelphia, Pa. ; [Erscheinungsort nicht ermittelbar]","publisher":"Lippincott Williams & Wilkins ; Ovid","dateIssuedKey":"1980","dateIssuedDisp":"1980-"}],"corporate":[{"display":"American College of Sports Medicine","roleDisplay":"Herausgebendes Organ","role":"isb"}],"recId":"324825846","titleAlt":[{"title":"MSSE"}],"id":{"issn":["1530-0315"],"eki":["324825846"],"zdb":["2031167-9"]},"language":["eng"],"disp":"Multidirectional walking in hematopoietic stem cell transplant patientsMedicine and science in sports and exercise"}],"origin":[{"dateIssuedKey":"2021","dateIssuedDisp":"February 2021"}],"note":["Gesehen am 08.04.2021"],"type":{"bibl":"article-journal","media":"Online-Ressource"}} | ||
| SRT | |a POTIAUMPAIMULTIDIREC2021 | ||